| 000 | 00975nam a22002055i 4500 | ||
|---|---|---|---|
| 001 | 155082 | ||
| 003 | ES-MaACL | ||
| 005 | 20251103205921.0 | ||
| 008 | 040716s1861 fr |||| | fre d | ||
| 040 |
_aCAM _bspa _cCAM |
||
| 100 | 1 |
_aHamilton, Anthony, _ccomte, _d1646-1720 _9154481 |
|
| 245 | 1 | 0 |
_aMémoires du chevalier de Grammont _b: précédés d'une notice sur la vie et les ouvrages d'Hamilton par M. Auger ; suivis de la table des noms propes des Mémoires de Grammont et d'un choix de ses épitres en vers et de la correspondence ; Voyage de Chapelle et de Bachaumont ... |
| 260 |
_aParis : _bLibrairie de Firmin Didot frère, fils et cie, _c1861 ( _fTypographie de H. Firmin Didot) |
||
| 300 |
_aXXXVI, 454 p. ; _c18 cm. |
||
| 700 | 1 |
_aGrammont, Philibert, _ccomte, _d1621-1707 _9154482 |
|
| 700 | 1 |
_aChapelle ( _d1626-1686) _9154483 |
|
| 700 | 1 |
_aAuger, Louis Simon. _9154488 |
|
| 852 |
_aES-MaACL _jD-2557 _z-- Enc. hol. |
||
| 999 |
_c155082 _d155082 |
||